Diccionario terminológico de ciencias médicas (Record no. 40388)

MARC details
000 -LEADER
campo de control de longitud fija 00732nam a2200193 i 4500
001 - NÚMERO DE CONTROL
campo de control 40388
003 - IDENTIFICADOR DE NÚMERO DE CONTROL
campo de control ES-MaACL
005 - FECHA Y HORA DE LA ÚLTIMA TRANSACCIÓN
campo de control 20250626063138.0
007 - CAMPO FIJO DE DESCRIPCIÓN FÍSICA--INFORMACIÓN GENERAL
campo de control de longitud fija t|
008 - DATOS DE LONGITUD FIJA--INFORMACIÓN GENERAL
campo de control de longitud fija 030306s1926 sp ||||1| spa d
100 1# - ENTRADA PRINCIPAL--NOMBRE DE PERSONA
Nombre de persona Cardenal y Pujals, León,
Fechas asociadas al nombre 1878-1960
9 (RLIN) 35129
245 10 - MENCIÓN DEL TÍTULO
Título Diccionario terminológico de ciencias médicas
Resto del título : contiene cuantas voces y términos son propios de la medicina, cirugía, farmacia, veterinaria y demás ciencias biológicas /
Mención de responsabilidad, etc. dirigido por León Cardenal.
250 ## - MENCION DE EDICION
Mención de edición [2ª ed.].
260 ## - PUBLICACIÓN, DISTRIBUCIÓN, ETC.
Lugar de publicación, distribución, etc. Barcelona :
Nombre del editor, distribuidor, etc. [s.n.,
Fecha de publicación, distribución, etc. 1926] (
Fabricante Imp. Hispano-Americana)
300 ## - DESCRIPCIÓN FÍSICA
Extensión 1051 p. ;
Dimensiones 26 cm.
650 04 - PUNTO DE ACCESO ADICIONAL DE MATERIA--TÉRMINO DE MATERIA
Término de materia o nombre geográfico como elemento de entrada Medicina-
Subdivisión de forma Diccionarios.
9 (RLIN) 14897
852 ## - LOCALIZACIÓN
Ubicación ES-MaACL
Número de control de estantería E-1696
Holdings
Estatus retirado Estado de pérdida Estado de daño No para préstamo Colección Biblioteca de origen Biblioteca actual Ubicación en estantería Fecha de adquisición Fuente de adquisición Total de préstamos Signatura topográfica completa Código de barras Visto por última vez Precio de reemplazo Tipo de ítem Koha
        Colección de referencia Biblioteca del Ateneo de Madrid Biblioteca del Ateneo de Madrid Depósito 2 17/01/2008     E-1696 1042518 23/02/2023 23/02/2023 Libro impreso